Top 10 Safest Countries - Statistics

General Stats
  • This quiz has been taken 32 times
  • The average score is 8 of 10
Answer Stats
Continent Answer % Correct
Europe Switzerland
96%
Australia New Zealand
93%
North America Canada
89%
Europe Iceland
89%
Europe Denmark
85%
Europe Austria
81%
Asia Singapore
81%
Asia Japan
70%
Europe Czech Republic
67%
Europe Portugal
67%
No matching quizzes found
Score Distribution
Percent of People with Each Score
Percentile by Number Answered
Your Score History
You have not taken this quiz